Ice, wind and fire /

Uloženo v:
Podrobná bibliografie
Hlavní autor: Keegan, Mel (Autor)
Médium: Kniha
Jazyk:angličtina
Vydáno: London : GMP, [c1990]
Tagy: Přidat tag
Žádné tagy, Buďte první, kdo vytvoří štítek k tomuto záznamu!

MARC

LEADER 00000nam a22000007i 4500
001 IT\ICCU\UBO\2293797
003 ItRI
005 20260115231824.0
008 030916s1990 xxk|||||| ||||| |||||c
020 |a 085449135X 
040 |b ita  |c importazione bologna sebina 
041 7 |a eng  |2 ISO-639-2 
100 1 |a Keegan, Mel  |0 IT\ICCU\UBOV\817787  |4 aut 
245 1 0 |a Ice, wind and fire /  |c Mel Keegan. 
260 |a London :  |b GMP,  |c [c1990] 
300 |a 215 p. ;  |c 20 cm. 
942 |2 ddc  |c BK  |n 0 
952 |0 0  |1 0  |4 0  |6 DOC_823_914000000000000_KEE  |7 0  |9 13558  |a BO  |b BO  |d 2026-01-15  |i 4919  |l 0  |o DOC 823.914 KEE  |p BO4919  |r 2026-01-15 23:18:24  |w 2026-01-15  |x [Sebina 5] [1 v.]  |y BK  |z 1 v. 
999 |c 11657  |d 11657